| 000 | 00530nam a22001937a 4500 | ||
|---|---|---|---|
| 999 |
_c132978 _d132978 |
||
| 005 | 20231227093748.0 | ||
| 008 | 231227b ||||| |||| 00| 0 eng d | ||
| 020 | _a9780702051395 | ||
| 040 | _cPK-LaUMT | ||
| 082 |
_a616.15 _bHOW-H |
||
| 100 | _aHoward, Martin R. | ||
| 245 |
_aHamematology : _ban illustrated colour text / _cby Martin R. Howard and Peter J. Hamilton |
||
| 250 | _a4th ed. | ||
| 260 |
_aEdinburgh : _bElsevier, _c2023 |
||
| 300 | _a125 p | ||
| 650 | _aHematology | ||
| 650 | _aBlood diseases | ||
| 942 | _cBK | ||